La estructura de la obra literaria: una investigación de filosofía del lenguaje y estética
Saved in:
| Hovedforfatter: | |
|---|---|
| Format: | Bog |
| Sprog: | spansk |
| Udgivet: |
Barcelona
Ariel
1983
|
| Serier: | Letras e ideas
|
| Fag: | |
| Tags: |
Tilføj Tag
Ingen Tags, Vær først til at tagge denne postø!
|
MARC
| LEADER | 00000nam a2200000 a 4500 | ||
|---|---|---|---|
| 001 | UCX2895 | ||
| 003 | CL-VaPUC | ||
| 008 | 910830e19830000SP |||||||||||||||||spa|d | ||
| 020 | |a 8434483521 | ||
| 082 | 0 | 4 | |a 801 |b MAR |2 21 |
| 100 | |a Martínez Bonati, Félix |e autor |9 492784 | ||
| 245 | 1 | 3 | |a La estructura de la obra literaria: una investigación de filosofía del lenguaje y estética |
| 300 | |a 244 p | ||
| 942 | |c BK | ||
| 945 | |d 19910830 00:00:00 | ||
| 260 | |a Barcelona |b Ariel |c 1983 | ||
| 650 | 0 | |a Filosofía de la literatura |9 267374 | |
| 650 | 0 | |a Filosofía del lenguaje |9 257082 | |
| 650 | 0 | |a Estética literaria |9 314715 | |
| 583 | |a last modification |c 19910830 00:00:00 |k Rodrigo Vera | ||
| 490 | 0 | |a Letras e ideas | |
| 999 | |c 223812 |d 223810 | ||
| 952 | |0 0 |1 0 |4 0 |6 801_000000000000000_MAR_1983 |7 0 |8 A |9 219978 |a BIBEDU |b BIBEDU |d 2019-11-15 |i 2886391 |o 801 MAR 1983 |p 2886391 |r 2019-11-15 |w 2019-11-15 |y BK |k LIT | ||